Regenerative Strategies for the Treatment of Knee Joint Disabilities (Запис № 451847)

МАРК-запис
000 -LEADER
fixed length control field 05510nam a22006735i 4500
001 - CONTROL NUMBER
control field 978-3-319-44785-8
003 - CONTROL NUMBER IDENTIFIER
control field DE-He213
005 - DATE AND TIME OF LATEST TRANSACTION
control field 20210118145227.0
007 - PHYSICAL DESCRIPTION FIXED FIELD--GENERAL INFORMATION
fixed length control field cr nn 008mamaa
008 - FIXED-LENGTH DATA ELEMENTS--GENERAL INFORMATION
fixed length control field 160926s2017 gw | s |||| 0|eng d
020 ## - INTERNATIONAL STANDARD BOOK NUMBER
International Standard Book Number 9783319447858
-- 978-3-319-44785-8
024 7# - OTHER STANDARD IDENTIFIER
Standard number or code 10.1007/978-3-319-44785-8
Source of number or code doi
050 #4 - LIBRARY OF CONGRESS CALL NUMBER
Classification number R856-857
050 #4 - LIBRARY OF CONGRESS CALL NUMBER
Classification number HC79.E5
050 #4 - LIBRARY OF CONGRESS CALL NUMBER
Classification number GE220
072 #7 - SUBJECT CATEGORY CODE
Subject category code MQW
Source bicssc
072 #7 - SUBJECT CATEGORY CODE
Subject category code TEC059000
Source bisacsh
072 #7 - SUBJECT CATEGORY CODE
Subject category code MQW
Source thema
082 04 - DEWEY DECIMAL CLASSIFICATION NUMBER
Classification number 610.28
Edition number 23
245 10 - TITLE STATEMENT
Title Regenerative Strategies for the Treatment of Knee Joint Disabilities
Medium [electronic resource] /
Statement of responsibility, etc edited by Joaquim Miguel Oliveira, Rui Luís Reis.
250 ## - EDITION STATEMENT
Edition statement 1st ed. 2017.
264 #1 -
-- Cham :
-- Springer International Publishing :
-- Imprint: Springer,
-- 2017.
300 ## - PHYSICAL DESCRIPTION
Extent IX, 411 p. 91 illus., 69 illus. in color.
Other physical details online resource.
336 ## -
-- text
-- txt
-- rdacontent
337 ## -
-- computer
-- c
-- rdamedia
338 ## -
-- online resource
-- cr
-- rdacarrier
347 ## -
-- text file
-- PDF
-- rda
490 1# - SERIES STATEMENT
Series statement Studies in Mechanobiology, Tissue Engineering and Biomaterials,
Міжнародний стандартний серійний номер для назви серії (ISSN) 1868-2006 ;
Том/ позначення послідовності 21
505 0# - FORMATTED CONTENTS NOTE
Formatted contents note Section I: Articular Cartilage Lesions: Clinical Management and Regenerative Strategies -- Chapter 1: Knee Articular Cartilage -- Chapter 2: Clinical Management of Articular Cartilage Lesions -- Chapter 3: Synovial Knee Joint : Viscosupplementation -- Chapter 4: Ostearthritis Management -- Chapter 5: Advances in Biomaterials for the Repair of Articular Cartilage Defects -- Chapter 6: Cartilage Tissue Engineering and Regenerative Strategies -- Section II: Osteochondral Lesions of the Knee: From Repair towards Regeneration -- Chapter 7: Fundamentals on Osteochondral Tissue Engineering -- Chapter 8: Pre-clinical and Clinical Management of Osteochondral Lesions -- Chapter 9: Rapid Prototyping in Osteochondral Tissue Engineering -- Chapter 10: Biomimetic Approaches for the Engineering of Osteochondral Tissues -- Chapter 11: Osteochondral Tissue Engineering and Regenerative Strategies -- Section III: Meniscus Injuries: Replacement, Repair and Regeneration -- Chapter 12: Basics on Meniscus -- Chapter 13: Biomaterials for Meniscus Repair -- Chapter 14: Advanced Regenerative Strategies -- Section IV: Knee Ligament Injuries -- Chapter 15: Fundamentals on Knee Ligaments and Injuries -- Chapter 16: Clinical Management of Ligament Injuries and Postoperative Rehabilitation -- Chapter 17: Biomaterials as Tendon Substitutes: Current Developments -- Chapter 18: Ligament Tissue Engineering -- Chapter 19: Ligament lesions: Regenerative Strategies and Future Trends.
520 ## - SUMMARY, ETC.
Summary, etc This book presents regenerative strategies for the treatment of knee joint disabilities. The book is composed of four main sections totaling 19 chapters which review the current knowledge on the clinical management and preclinical regenerative strategies. It examines the role of different natural-based biomaterials as scaffolds and implants for addressing different tissue lesions in the knee joint. Section one provides an updated and comprehensive discussion on articular cartilage tissue regeneration. Section two focuses on the important contributions for bone and osteochondral tissue engineering. Section three overview the recent advances on meniscus repair/regeneration strategies. Finally, section four further discusses the current strategies for treatment of ligament lesions. Each chapter is prepared by world know expert on their fields, so we do firmly believe that the proposed book will be a reference in the area of biomaterials for regenerative medicine.
506 ## - RESTRICTIONS ON ACCESS NOTE
Terms governing access Available to subscribing member institutions only. Доступно лише організаціям членам підписки.
506 ## - RESTRICTIONS ON ACCESS NOTE
Standardized terminology for access restriction Online access from local network of NaUOA.
506 ## - RESTRICTIONS ON ACCESS NOTE
Standardized terminology for access restriction Online access with authorization at https://link.springer.com/
506 ## - RESTRICTIONS ON ACCESS NOTE
Standardized terminology for access restriction Онлайн-доступ з локальної мережі НаУОА.
506 ## - RESTRICTIONS ON ACCESS NOTE
Standardized terminology for access restriction Онлайн доступ з авторизацією на https://link.springer.com/
650 #0 - SUBJECT ADDED ENTRY--TOPICAL TERM
Topical term or geographic name as entry element Biomedical engineering.
650 #0 - SUBJECT ADDED ENTRY--TOPICAL TERM
Topical term or geographic name as entry element Biomaterials.
650 #0 - SUBJECT ADDED ENTRY--TOPICAL TERM
Topical term or geographic name as entry element Regenerative medicine.
650 #0 - SUBJECT ADDED ENTRY--TOPICAL TERM
Topical term or geographic name as entry element Tissue engineering.
650 #0 - SUBJECT ADDED ENTRY--TOPICAL TERM
Topical term or geographic name as entry element Mechanics.
650 #0 - SUBJECT ADDED ENTRY--TOPICAL TERM
Topical term or geographic name as entry element Mechanics, Applied.
650 14 - SUBJECT ADDED ENTRY--TOPICAL TERM
Topical term or geographic name as entry element Biomedical Engineering and Bioengineering.
-- http://scigraph.springernature.com/things/product-market-codes/T2700X
650 24 - SUBJECT ADDED ENTRY--TOPICAL TERM
Topical term or geographic name as entry element Biomaterials.
-- http://scigraph.springernature.com/things/product-market-codes/Z13000
650 24 - SUBJECT ADDED ENTRY--TOPICAL TERM
Topical term or geographic name as entry element Regenerative Medicine/Tissue Engineering.
-- http://scigraph.springernature.com/things/product-market-codes/L16080
650 24 - SUBJECT ADDED ENTRY--TOPICAL TERM
Topical term or geographic name as entry element Solid Mechanics.
-- http://scigraph.springernature.com/things/product-market-codes/T15010
700 1# - ADDED ENTRY--PERSONAL NAME
Personal name Oliveira, Joaquim Miguel.
Relator term editor.
Relator code edt
-- http://id.loc.gov/vocabulary/relators/edt
700 1# - ADDED ENTRY--PERSONAL NAME
Personal name Reis, Rui Luís.
Relator term editor.
Relator code edt
-- http://id.loc.gov/vocabulary/relators/edt
710 2# - ADDED ENTRY--CORPORATE NAME
Corporate name or jurisdiction name as entry element SpringerLink (Online service)
773 0# - HOST ITEM ENTRY
Title Springer eBooks
776 08 - ADDITIONAL PHYSICAL FORM ENTRY
Display text Printed edition:
International Standard Book Number 9783319447834
776 08 - ADDITIONAL PHYSICAL FORM ENTRY
Display text Printed edition:
International Standard Book Number 9783319447841
776 08 - ADDITIONAL PHYSICAL FORM ENTRY
Display text Printed edition:
International Standard Book Number 9783319831350
830 #0 - SERIES ADDED ENTRY--UNIFORM TITLE
Uniform title Studies in Mechanobiology, Tissue Engineering and Biomaterials,
-- 1868-2006 ;
Volume number/sequential designation 21
856 40 - ELECTRONIC LOCATION AND ACCESS
Uniform Resource Identifier <a href="https://doi.org/10.1007/978-3-319-44785-8">https://doi.org/10.1007/978-3-319-44785-8</a>
912 ## -
-- ZDB-2-ENG
942 ## - ADDED ENTRY ELEMENTS (KOHA)
Koha item type ЕКнига

Немає доступних примірників.